| 000 | 01607nam a2200361 c 4500 | ||
|---|---|---|---|
| 003 | BLK | ||
| 005 | 20240710005427.0 | ||
| 008 | 180408b bul|||||r ||||||| ||bul|| | ||
| 010 | _aKNG00079680000 | ||
| 020 |
_a954-9761-11-8 _bиздат.: Световит |
||
| 040 | _aBLK | ||
| 041 |
_aBUL _cBUL |
||
| 080 |
_aНародни вярвания. Народни обичаи. Суеверия, свързани с годишни времена, с дома, религиозни празници и др. Нестинарство _b398.3 _x(497.2)(059) _z398.3(497.2)(059) |
||
| 100 | 1 |
_aМладенов, Олег Стефанов _eпърви автор _9277616 |
|
| 139 |
_aМладенов, Олег Стефанов _bМ 77 |
||
| 245 | 1 | 0 |
_aБългарски празничен народен календар или наръчник по традиционни празненства, суеверия и веселия _cОлег Стефанов Младенов. |
| 257 | _aBGR | ||
| 260 |
_аСофия _bСветовит _c2006 |
||
| 300 |
_a220 с. _c20 см |
||
| 380 | _a3 | ||
| 500 | _aОфс. изд. | ||
| 650 | 4 |
_aПразници, български _9243477 |
|
| 650 | 7 |
_aНародни обичаи и обреди, български _2 _9163359 |
|
| 653 | _aпразници | ||
| 653 | _aнародни празници | ||
| 653 | _aнародни обичаи | ||
| 852 | _aЦб 237192 | ||
| 856 | 4 |
_qpdf _u |
|
| 856 | 4 |
_qpdf _u |
|
| 942 |
_cKNG _n0 _03 |
||
| 944 |
_aCR _c23.11.2007 _lCRON CRON _k |
||
| 944 |
_aED _c11.06.2014 _lф / _k |
||
| 999 |
_c75268 _d75268 |
||